| 000 | 00392nam a2200121Ia 4500 | ||
|---|---|---|---|
| 008 | 191111s9999 xx 000 0 und d | ||
| 020 | _a9789719809340 | ||
| 100 | _aPasco, Marc Oliver D. | ||
| 245 |
_cMarc Oliver D. Pasco, V. Fullente Suarez, Agustin Martin G. Rodriguez.-- _aEthics / |
||
| 260 |
_aQuezon City : _bC & E Publishing, Inc. _c2018 |
||
| 300 | _axii, 210 pages. | ||
| 650 | _aEthics | ||
| 999 |
_c362596 _d362596 |
||